000 00249nam a2200097Ia 4500
005 20251222114401.0
008 251222s1900||||xx |||||||||||||| ||spa||
082 _aDVD0111/B63/2005/Ej.2
245 0 _aLas locuras de Kronk:Kronk's New Groove
942 _cDVD
999 _c1640
_d1640